000
00452nam a2200169Ia 4500
008
090711s9999 xx 000 0 und d
082
_b
66162
100
_a
गोर्ले शिवराज
245
_a
बुलंद
260
_c
1990
300
_a
230
600
_a
गोर्ले शिवराज
630
_a
बुलंद
700
_a
गोर्ले शिवराज
730
_a
बुलंद
942
_c
BOOK
999
_c
300733
_d
300733